| 000 | 04263naa a2200361 4500 | ||
|---|---|---|---|
| 005 | 20100218155231.0 | ||
| 008 | 080827t xxu||||| |||| 00| 0 hin d | ||
| 020 |
_a8173071292 _c260.00 |
||
| 035 | _aB-393752-762 | ||
| 037 | _bप्रगति पब्लिकेशन्स/ PUB | ||
| 040 |
_adpl _bHN |
||
| 082 | _a336.24 | ||
| 100 |
_aचन्द्रा, महेश _913111 |
||
| 245 |
_aआय-कर एवं अंकेक्षणः _cमहेश चन्द्रा एवं डी.सी. शुक्ला _b(दिल्ली विश्वविद्यालय के बी.कॉम पार्ट II) / |
||
| 250 | _a3रा संस्क | ||
| 260 |
_aदिल्ली _bप्रगति पब्लिकेशन्स _c2009 |
||
| 270 |
_a4382/4बी, अंसारी रोड़, दरियागंज, _bनई दिल्ली _e110002 |
||
| 300 |
_aवि. पृ _c23 सेमी (सजिल्द) |
||
| 700 |
_aशुक्ला, डी.सी. _913112 |
||
| 942 |
_adpl _cHN _2ddc _mचन्द्रम _h336.24 |
||
| 999 |
_c34135 _d34135 |
||